| 000 | 01047cam a2200301 i 4500 | ||
|---|---|---|---|
| 001 | 1828941 | ||
| 003 | ARRUPE | ||
| 005 | 20240208111604.0 | ||
| 008 | 801215s1979 rh a b 001 0 eng | ||
| 010 | _a 80100339 | ||
| 020 |
_a0869250981 : _c$9.95 |
||
| 040 |
_aDLC _cDLC _dDLC |
||
| 043 |
_af-rh--- _afs----- |
||
| 050 | 0 | 0 |
_aDT962.75 _b.M66 |
| 082 | 0 | 0 |
_a968.91/04 _219 |
| 100 | 1 |
_aMoorcraft, Paul L. _940336 |
|
| 245 | 1 | 2 |
_aA short thousand years : _bthe end of Rhodesia's rebellion / _cPaul L. Moorcraft. |
| 260 |
_aSalisbury, Zimbabwe Rhodesia : _bGalaxie Press, _c1979. |
||
| 300 |
_a248 p. : _bill. ; _c22 cm. |
||
| 500 | _aIncludes index. | ||
| 504 | _aBibliography: p. 242-243. | ||
| 651 | 0 |
_aZimbabwe _xPolitics and government _y1965-1979. |
|
| 651 | 0 |
_aZimbabwe _xPolitics and government _y1979-1980. _9455 |
|
| 651 | 0 |
_aZimbabwe _xForeign relations _y1965-1980. _925947 |
|
| 651 | 0 |
_aAfrica, Southern _xPolitics and government _y1975-1994. _926875 |
|
| 906 |
_a7 _bcbc _corignew _d4 _encip _f19 _gy-gencatlg |
||
| 942 |
_2lcc _cMONOGRAPH |
||
| 999 |
_c131781 _d131781 |
||